K Evropské unii dokumenty a komentáře (úvahy o reformě)
Salvato in:
| Natura: | Libro |
|---|---|
| Lingua: | ceco |
| Pubblicazione: |
Praha
Nadace Konrada Adenauera
1995
|
| Serie: | Středoevropské perspektivy
1 |
| Soggetti: | |
| Tags: |
Nessun Tag, puoi essere il primo ad aggiungerne!!
|
MARC
| LEADER | 00000nam a2200000 4500 | ||
|---|---|---|---|
| 001 | c119868 | ||
| 005 | 20221123112520.3 | ||
| 020 | |a 80-901352-2-6 | ||
| 041 | 0 | |a cze | |
| 044 | |a CZ | ||
| 245 | 1 | 0 | |a K Evropské unii |b dokumenty a komentáře (úvahy o reformě) |
| 264 | 1 | |a Praha |b Nadace Konrada Adenauera |c 1995 | |
| 300 | |a 71 s. | ||
| 490 | 1 | |a Středoevropské perspektivy |v 1 | |
| 830 | 0 | |a Středoevropské perspektivy |v 1 | |
| 610 | 2 | 0 | |a Európska únia |
| 610 | 2 | 0 | |a politika hospodárska medzinárodná |
| 610 | 2 | 0 | |a reformy hospodárske |
| 610 | 2 | 0 | |a integrácia ekonomická medzinárodná |
| 610 | 2 | 0 | |a Európa |
| 610 | 2 | 0 | |a demokracia |
| 610 | 2 | 0 | |a politika medzinárodná |
| 610 | 2 | 0 | |a politika mierová |